Die Pfefferkörner - 4. Generation - Statistiken

Allgemein
  • Dieses Quiz wurde 94 mal gespielt
  • Das Durchschnittsergebnis liegt bei 5 aus 6
Antwortstatistiken
Bildquiz Antwort % Korrekt
Rasmus Bo Nilsen
88%
Sophie Krogmann
88%
Emma Krogmann
87%
Feline (Fee)
85%
Lina Lange
84%
Themba Bruhns-Mcomo
84%
Keine übereinstimmenden Quizze gefunden
Verteilung der Resultate
Anzahl Personen mit jedem Resultat
Perzentil nach korrekt beantworteten Fragen
Ihre Resultats-Entwicklung
Sie haben dieses Quiz noch nicht gespielt